| 000 | 00862nam a2200301Ia 4500 | ||
|---|---|---|---|
| 001 | 13955 | ||
| 005 | 20240113235512.0 | ||
| 007 | ta | ||
| 008 | 051117s1970 g b000 u 465 u | ||
| 040 | _aCotton College,Assam | ||
| 041 | _a465 | ||
| 082 |
_a001.642 _bSc th |
||
| 082 |
_a511 _bSc 25 T |
||
| 100 | _aScheid, Francis . | ||
| 245 | 0 |
_aTheory and Problems of Introduction to Computer Science / _cFrancis Scheid. _hTextual Documents |
|
| 250 | _a1st ed. / | ||
| 260 |
_aNew York : _bMcGraw - Hill book company , _cC1970. |
||
| 300 |
_a281p. ; _c26cm. |
||
| 440 | _aSchaum`s Outline Series, | ||
| 490 | _aSchaum`s Outline Series, | ||
| 653 | _aComputer Science-Theory and Problems | ||
| 653 | _aG-Mathematics | ||
| 653 | _aG-Computer Science | ||
| 942 |
_2ddc _cBK |
||
| 999 |
_c13941 _d13941 |
||